<?xml version="1.0" encoding="UTF-8"?>
<collection xmlns="http://www.loc.gov/MARC21/slim">
 <record>
  <leader>01021cam a2200229 7i4500</leader>
  <controlfield tag="001">0000145189</controlfield>
  <controlfield tag="005">20180206090000.0</controlfield>
  <controlfield tag="002">  0000010299</controlfield>
  <controlfield tag="008">171129s2016    my  acd xt    0     engr  </controlfield>
  <datafield tag="090" ind1="0" ind2="0">
   <subfield code="a">SF 458 .G6 </subfield>
   <subfield code="b">N8 2016</subfield>
  </datafield>
  <datafield tag="100" ind1="0" ind2="#">
   <subfield code="a">Nurulhuda cMahmood </subfield>
  </datafield>
  <datafield tag="245" ind1="1" ind2="0">
   <subfield code="a">Effect of entada rheedii's extract on argulus japonicus from goldfish  </subfield>
   <subfield code="c">Nurulhuda Mahmood.</subfield>
  </datafield>
  <datafield tag="260" ind1="#" ind2="#">
   <subfield code="a">Terengganu: </subfield>
   <subfield code="b">Universiti Malaysia Terengganu, </subfield>
   <subfield code="c">2016.</subfield>
  </datafield>
  <datafield tag="300" ind1=" " ind2=" ">
   <subfield code="a">xviii, 87 p.: </subfield>
   <subfield code="b">col., ill.; </subfield>
   <subfield code="c">30 cm..</subfield>
  </datafield>
  <datafield tag="500" ind1="#" ind2="#">
   <subfield code="a">PPSPA is an abbreviation for School of Fisheries &amp; Aquaculture Sciences</subfield>
  </datafield>
  <datafield tag="502" ind1="#" ind2="#">
   <subfield code="a">Tesis PPSPA  (Degree of Master of Science) 2016</subfield>
  </datafield>
  <datafield tag="504" ind1="0" ind2="0">
   <subfield code="a">Includes bibliographical references.</subfield>
  </datafield>
  <datafield tag="520" ind1="0" ind2="#">
   <subfield code="a">Goldfish is a familiar ornamental fish in Malaysia. The culture and breeding of goldfish has contributed to the country economy through import and export activities...</subfield>
  </datafield>
  <datafield tag="602" ind1="#" ind2="#">
   <subfield code="a">Tesis PPSPA  2016</subfield>
  </datafield>
  <datafield tag="650" ind1="0" ind2="0">
   <subfield code="a">Goldfish </subfield>
  </datafield>
  <datafield tag="999" ind1=" " ind2=" ">
   <subfield code="a">1100101384</subfield>
   <subfield code="b">CD-ROM</subfield>
   <subfield code="c">Tesis</subfield>
   <subfield code="e">KOLEKSI KHAS</subfield>
  </datafield>
  <datafield tag="999" ind1=" " ind2=" ">
   <subfield code="a">1100101383</subfield>
   <subfield code="b">Book</subfield>
   <subfield code="c">Tesis</subfield>
   <subfield code="e">KOLEKSI KHAS</subfield>
  </datafield>
 </record>
</collection>
